| 000 | 00351 a2200109 4500 | ||
|---|---|---|---|
| 001 | ART_2182 | ||
| 005 | 20260410161723.0 | ||
| 008 | 260409a | ||
| 245 | 1 | 0 | _aComentarios a la resolución técnica 6 de la FACPCE |
| 100 | 1 | _aSlosse, Carlos Alberto | |
| 773 | 0 |
_tAdministración de empresas _g- Año XV, Nº 173 (ago. 1984) _wREV2036 |
|
| 999 |
_c17155 _d17155 |
||